[Event "XIX Festival Conca della Presolana Magistrale"]
[Site "Bratto - Castione della Presolana ITA"]
[Date "1999.08.30"]
[Round "9"]
[White "Drazic, Sinisa"]
[Black "Tiviakov, Sergei"]
[Result "1/2-1/2"]
[WhiteElo "2493"]
[BlackElo "2611"]
[PlyCount "83"]
[EventDate "1999.08.22"]

1.e4 c5 2.c3 d5 3.exd5 Qxd5 4.d4 Nf6 5.Nf3 e6 6.Be2 Be7 7.O-O cxd4 8.cxd4 
Nc6 9.Nc3 Qd8 10.a3 O-O 11.Bc4 Nd5 12.Bxd5 exd5 13.h3 Be6 14.Bf4 f6 15.Re1
Bf7 16.Qd3 Qd7 17.Nd2 Bd8 18.Nb3 b6 19.Rac1 Rc8 20.Nb5 Bg6 21.Qg3 Ne7 22.
Rxc8 Nxc8 23.Nc3 Ne7 24.Qf3 Re8 25.Nd2 Nc6 26.Rxe8+ Bxe8 27.Qxd5+ Qxd5 28.
Nxd5 Bf7 29.Nb4 Nxd4 30.Be3 Nf5 31.Nc6 Bc7 32.Nxa7 Nxe3 33.fxe3 Be8 34.Nf3
Kf7 35.Nd4 Ke7 36.Kf2 Bd7 37.b4 f5 38.Nab5 Bb8 39.Kf3 g6 40.h4 Kd8 41.g3 
Kc8 42.Nc3 1/2-1/2

[Event "XIX Festival Conca della Presolana Magistrale"]
[Site "Bratto - Castione della Presolana ITA"]
[Date "1999.08.30"]
[Round "9"]
[White "Everet, Alexandro"]
[Black "Moloney, Nicholas R."]
[Result "1-0"]
[WhiteElo "2294"]
[BlackElo "2128"]
[PlyCount "83"]
[EventDate "1999.08.22"]

1.d4 Nf6 2.c4 e6 3.Nc3 Bb4 4.Bd2 O-O 5.Nf3 b6 6.e3 Bb7 7.Bd3 d5 8.Qc2 Nbd7
9.cxd5 exd5 10.Nb5 Bxd2+ 11.Nxd2 a6 12.Nc3 c5 13.O-O Rc8 14.Rac1 g6 15.Qd1
Qe7 16.Re1 Rfe8 17.dxc5 Nxc5 18.Be2 Nce4 19.Ndxe4 dxe4 20.Qb3 Qc7 21.h3 
Re6 22.Red1 Rd8 23.Nd5 Qb8 24.Nxb6 Rxd1+ 25.Rxd1 Rd6 26.Rxd6 Qxd6 27.Bc4 
Qd2 28.Bxf7+ Kg7 29.Bc4 a5 30.Qb5 a4 31.Nxa4 Bc8 32.Qc6 Qd1+ 33.Bf1 Bd7 
34.Qc5 Qxa4 35.Qe7+ Kh6 36.Qxf6 Qb4 37.a3 Qa4 38.Qf8+ Kg5 39.Qf4+ Kh5 40.
Be2+ Bg4 41.Bxg4+ Kh4 42.g3# 1-0

[Event "XIX Festival Conca della Presolana Magistrale"]
[Site "Bratto - Castione della Presolana ITA"]
[Date "1999.08.30"]
[Round "9"]
[White "Galli, Fabio"]
[Black "Osuna Munoz, Xavier"]
[Result "1-0"]
[WhiteElo "2158"]
[BlackElo "2096"]
[PlyCount "67"]
[EventDate "1999.08.22"]

1.e4 c5 2.Nf3 Nc6 3.d4 cxd4 4.Nxd4 e5 5.Nb5 d6 6.N1c3 a6 7.Na3 Nf6 8.Bg5 
Be6 9.Bc4 Qd7 10.Bxf6 gxf6 11.Nd5 Bxd5 12.Bxd5 h5 13.Nc4 Rd8 14.Ne3 Ne7 
15.Qf3 Bg7 16.O-O-O Rh6 17.Rhg1 Rc8 18.g4 hxg4 19.Nxg4 Qc7 20.Bb3 Rg6 21.
h4 Ng8 22.h5 Rg5 23.h6 f5 24.h7 Ke7 25.hxg8=Q Rxg8 26.Ne3 Rxg1 27.Nd5+ Kd8
28.Nxc7 Bh6+ 29.Kb1 fxe4 30.Qe2 e3 31.c3 R8g2 32.Qd3 Rxd1+ 33.Bxd1 Kxc7 
34.fxe3 1-0

[Event "XIX Festival Conca della Presolana Magistrale"]
[Site "Bratto - Castione della Presolana ITA"]
[Date "1999.08.30"]
[Round "9"]
[White "Godena, Michele"]
[Black "Bellini, Fabio"]
[Result "1/2-1/2"]
[WhiteElo "2490"]
[BlackElo "2418"]
[PlyCount "43"]
[EventDate "1999.08.22"]

1.e4 e5 2.Nf3 Nc6 3.Bb5 Nf6 4.d3 d6 5.c3 Bd7 6.Nbd2 g6 7.Nf1 Bg7 8.Bg5 h6 
9.Bh4 O-O 10.Ne3 Na5 11.Ba4 Bxa4 12.Qxa4 Nc6 13.Qb3 Qc8 14.Rd1 Re8 15.O-O 
Nb8 16.Rfe1 Nbd7 17.Qc2 c6 18.Nc4 Re6 19.d4 b5 20.Bxf6 Nxf6 21.dxe5 dxe5 
22.Ncxe5 1/2-1/2

[Event "XIX Festival Conca della Presolana Magistrale"]
[Site "Bratto - Castione della Presolana ITA"]
[Date "1999.08.30"]
[Round "9"]
[White "Gorelli Fagiolini, Marco"]
[Black "Caruso, Daniele"]
[Result "0-1"]
[WhiteElo "2206"]
[BlackElo "2103"]
[PlyCount "108"]
[EventDate "1999.08.22"]

1.e4 e6 2.d4 d5 3.e5 c5 4.c3 Nc6 5.Nf3 Nge7 6.Na3 cxd4 7.cxd4 Nf5 8.Nc2 
Be7 9.Bd3 O-O 10.O-O f6 11.exf6 Bxf6 12.Bxf5 exf5 13.b3 Re8 14.Bb2 Qd6 15.
Qd2 Bd7 16.Rfe1 a5 17.Ba3 Qc7 18.Ne3 Be6 19.g3 f4 20.Ng2 fxg3 21.hxg3 Bg4 
22.Ne5 Nxe5 23.dxe5 Rxe5 24.Rxe5 Qxe5 25.Re1 Qd4 26.Qxd4 Bxd4 27.Nf4 Bf3 
28.Nxd5 Bxd5 29.Rd1 Bxb3 30.Rxd4 Bxa2 31.Rd7 b5 32.Bb2 Bf7 33.Rb7 b4 34.g4
h6 35.f4 b3 36.g5 hxg5 37.fxg5 g6 38.Kf2 a4 39.Ba3 Rc8 40.Ke3 Be8 41.Bb2 
Rd8 42.Rg7+ Kf8 43.Ra7 Rd5 44.Kf4 Rf5+ 45.Kg4 Bb5 46.Rb7 Ke8 47.Ba3 Bd7 
48.Rb8+ Kf7 49.Rf8+ Ke6 50.Rxf5 gxf5+ 51.Kf4 Kd5 52.g6 Kd4 53.Bb2+ Kd3 54.
Ke5 Be8 0-1

[Event "XIX Festival Conca della Presolana Magistrale"]
[Site "Bratto - Castione della Presolana ITA"]
[Date "1999.08.30"]
[Round "9"]
[White "Lantini, Marco"]
[Black "Trabert, Bettina"]
[Result "0-1"]
[WhiteElo "2193"]
[BlackElo "2301"]
[PlyCount "110"]
[EventDate "1999.08.22"]

1.e4 e5 2.Nf3 Nc6 3.d4 exd4 4.Nxd4 Nf6 5.Nxc6 bxc6 6.e5 Qe7 7.Qe2 Nd5 8.c4
Ba6 9.b3 Qh4 10.a3 Bc5 11.g3 Bxf2+ 12.Qxf2 Qe4+ 13.Kd2 Qxh1 14.Bd3 c5 15.
Bb2 Ne7 16.e6 O-O 17.Nc3 Qc6 18.Nd5 Qxe6 19.Nxc7 Qh6+ 20.Kc2 Rac8 21.Nxa6 
Qxa6 22.Re1 Ng6 23.h4 Rfe8 24.Rf1 Qe6 25.h5 Nf8 26.Bc3 h6 27.Kb2 d6 28.g4 
f6 29.Qg2 Rb8 30.Rf2 Qe7 31.g5 fxg5 32.Qf1 Qe6 33.Bf5 Qe7 34.Bc2 Qb7 35.
Qd3 Re7 36.Qxd6 Rf7 37.Re2 Qb6 38.Qd5 Rd8 39.Qe4 Qb7 40.Qe5 Qc7 41.Qe3 Kh8
42.Be5 Qb6 43.Be4 Re7 44.Bc3 Rb8 45.Kc1 Qd6 46.Rf2 Ree8 47.Qd3 Qxd3 48.
Bxd3 Ne6 49.Bg6 Nf4 50.b4 Nxg6 51.hxg6 Re6 52.bxc5 Rxg6 53.Rf7 Rc8 54.Bd4 
a6 55.Kd2 g4 0-1

[Event "XIX Festival Conca della Presolana Magistrale"]
[Site "Bratto - Castione della Presolana ITA"]
[Date "1999.08.30"]
[Round "9"]
[White "Lanzani, Mario"]
[Black "Rotstein, Arkadij"]
[Result "0-1"]
[WhiteElo "2403"]
[BlackElo "2460"]
[PlyCount "92"]
[EventDate "1999.08.22"]

1.e4 c5 2.Nf3 e6 3.d4 cxd4 4.Nxd4 a6 5.Bd3 Bc5 6.Nb3 Be7 7.Qg4 g6 8.Nc3 d6
9.f4 Qc7 10.f5 Nc6 11.Bg5 Ne5 12.Qh4 Bxg5 13.Qxg5 Qe7 14.Qxe7+ Kxe7 15.
fxe6 fxe6 16.a4 Nf6 17.Nd2 Rf8 18.Rf1 Bd7 19.Nc4 Nxc4 20.Bxc4 Rac8 21.Bd3 
Rc5 22.Kd2 a5 23.Rf3 Rg5 24.Rf2 Ng4 25.Rxf8 Kxf8 26.Rf1+ Ke7 27.h3 Nf6 28.
Rf2 Bc6 29.b3 h5 30.Ke3 Rc5 31.Kd2 Re5 32.Re2 h4 33.Re3 Nh5 34.Rf3 Ng3 35.
Ke3 g5 36.Kd4 g4 37.hxg4 Rg5 38.Ne2 Nxe2+ 39.Bxe2 Rxg4 40.Rf7+ Kxf7 41.
Bxg4 Kf6 42.Bf3 Kg5 43.Ke3 e5 44.c3 Bd7 45.Be2 b6 46.Bd1 Be6 0-1

[Event "XIX Festival Conca della Presolana Magistrale"]
[Site "Bratto - Castione della Presolana ITA"]
[Date "1999.08.30"]
[Round "9"]
[White "Lapiccirella, Mattia"]
[Black "Patelli, Alessandro"]
[Result "1/2-1/2"]
[WhiteElo "2124"]
[BlackElo "2225"]
[PlyCount "20"]
[EventDate "1999.08.22"]

1.d4 Nf6 2.c4 e6 3.Nf3 b6 4.g3 Ba6 5.b3 Bb4+ 6.Bd2 Be7 7.Nc3 O-O 8.Bg2 d5 
9.cxd5 exd5 10.O-O h6 1/2-1/2

[Event "XIX Festival Conca della Presolana Magistrale"]
[Site "Bratto - Castione della Presolana ITA"]
[Date "1999.08.30"]
[Round "9"]
[White "Malfagia, Andrea"]
[Black "Solinas, Carlo"]
[Result "1-0"]
[WhiteElo "2306"]
[BlackElo "2087"]
[PlyCount "97"]
[EventDate "1999.08.22"]

1.e4 e5 2.Nf3 Nc6 3.d4 exd4 4.Nxd4 Qh4 5.Nb5 Bb4+ 6.Bd2 Bc5 7.Qf3 Nd4 8.
Nxc7+ Kd8 9.Qf4 Qxf4 10.Bxf4 Ne6 11.Nxe6+ fxe6 12.Nc3 a6 13.e5 Bb4 14.Be2 
Ne7 15.O-O-O Bxc3 16.bxc3 Nd5 17.Bg5+ Kc7 18.Bd2 b5 19.c4 bxc4 20.Ba5+ Kc6
21.Bxc4 Bb7 22.Rd4 Rhf8 23.Rhd1 Kc5 24.Bxd5 Bxd5 25.Bb4+ Kb5 26.Bxf8 Rxf8 
27.a4+ Kc5 28.f3 Rf5 29.Rg4 g6 30.Re1 Bc6 31.c3 a5 32.Kb2 Rf8 33.Rd4 Rb8+ 
34.Kc2 Rf8 35.Rb1 Rf5 36.f4 g5 37.g4 Rxf4 38.Rxf4 gxf4 39.Kd3 Kd5 40.Re1 
Bxa4 41.c4+ Kc5 42.Kc3 Bc6 43.h4 d6 44.g5 d5 45.h5 d4+ 46.Kd2 Be8 47.g6 h6
48.g7 Bf7 49.Rf1 1-0

[Event "XIX Festival Conca della Presolana Magistrale"]
[Site "Bratto - Castione della Presolana ITA"]
[Date "1999.08.30"]
[Round "9"]
[White "Mantovani, Renzo"]
[Black "Scavo, Fernando"]
[Result "1-0"]
[WhiteElo "2419"]
[BlackElo "2290"]
[PlyCount "63"]
[EventDate "1999.08.22"]

1.e4 e6 2.d3 d5 3.Nd2 Nf6 4.Ngf3 Nc6 5.Be2 e5 6.c3 a5 7.O-O Bc5 8.b3 O-O 
9.Bb2 dxe4 10.dxe4 Re8 11.a3 Bf8 12.Re1 Bg4 13.Qc2 Nd7 14.b4 Ne7 15.Nc4 
Bxf3 16.Bxf3 axb4 17.cxb4 Ng6 18.Red1 Qe7 19.g3 Nf6 20.h4 h5 21.Qe2 Qe6 
22.Rac1 Rad8 23.Rxd8 Rxd8 24.Bxh5 Nxh5 25.Qxh5 Bd6 26.Qf5 Qxf5 27.exf5 Ne7
28.Bxe5 Nxf5 29.Rd1 b5 30.Nxd6 cxd6 31.Rd5 g6 32.Bf6 1-0

[Event "XIX Festival Conca della Presolana Magistrale"]
[Site "Bratto - Castione della Presolana ITA"]
[Date "1999.08.30"]
[Round "9"]
[White "Mariano, Elia"]
[Black "Zaitsev, Vadim"]
[Result "1/2-1/2"]
[WhiteElo "2235"]
[BlackElo "2411"]
[PlyCount "111"]
[EventDate "1999.08.22"]

1.d4 Nf6 2.c4 g6 3.Nc3 Bg7 4.e4 d6 5.Nf3 O-O 6.Be2 e5 7.d5 a5 8.Bg5 h6 9.
Bh4 Na6 10.Nd2 Qe8 11.O-O Nh7 12.a3 Bd7 13.b3 h5 14.f3 Bf6 15.Bf2 h4 16.
Rb1 Bg5 17.b4 axb4 18.axb4 f5 19.c5 Nf6 20.Nc4 Qe7 21.c6 bxc6 22.dxc6 Be6 
23.b5 Nc5 24.b6 fxe4 25.b7 Rad8 26.Nxe4 Nfxe4 27.fxe4 Nxe4 28.Ba7 Nc3 29.
Qc2 Nxb1 30.Rxf8+ Rxf8 31.Qxg6+ Kh8 32.Qxb1 Bd5 33.b8=Q Rxb8 34.Qxb8+ Kg7 
35.Qb5 Qf7 36.Ne3 Be4 37.Bd3 Qa2 38.Bxe4 Qxa7 39.Qd3 Bxe3+ 40.Kf1 Bf4 41.
g3 Qa1+ 42.Kg2 Qa2+ 43.Kh3 Bg5 44.Bd5 Qf2 45.Qf3 Qxf3 46.Bxf3 Kf6 47.Kg4 
h3 48.Bd5 Be3 49.Kf3 Bc5 50.Ke4 Bg1 51.Bc4 d5+ 52.Kxd5 Kf5 53.Bf1 Kg4 54.
Be2+ Kf5 55.Bf1 Kg4 56.Be2+ 1/2-1/2

[Event "XIX Festival Conca della Presolana Magistrale"]
[Site "Bratto - Castione della Presolana ITA"]
[Date "1999.08.30"]
[Round "9"]
[White "Mascheroni, Maurizio"]
[Black "Profumo, Alberto"]
[Result "1/2-1/2"]
[WhiteElo "2067"]
[BlackElo "2268"]
[PlyCount "74"]
[EventDate "1999.08.22"]

1.e4 c6 2.d4 d5 3.Nd2 dxe4 4.Nxe4 Bf5 5.Ng3 Bg6 6.h4 h6 7.h5 Bh7 8.Nf3 Nf6
9.Bd3 Bxd3 10.Qxd3 e6 11.Ne4 Nbd7 12.Bf4 Nxe4 13.Qxe4 Qa5+ 14.c3 Be7 15.
Ne5 Qd5 16.Qxd5 cxd5 17.Nxd7 Kxd7 18.Rh3 Bf6 19.Rg3 Rag8 20.Ke2 g5 21.hxg6
fxg6 22.Re3 Rh7 23.Rh1 h5 24.Be5 Be7 25.Kd3 g5 26.Reh3 h4 27.f3 Rf7 28.Ke2
g4 29.fxg4 Rxg4 30.g3 Re4+ 31.Kd1 hxg3 32.Bxg3 Rg4 33.Be5 Kc6 34.Rh7 Rxh7 
35.Rxh7 Bh4 36.Rc7+ Kb6 37.Rg7 Rxg7 1/2-1/2

[Event "XIX Festival Conca della Presolana Magistrale"]
[Site "Bratto - Castione della Presolana ITA"]
[Date "1999.08.30"]
[Round "9"]
[White "Menoni, Vincenzo"]
[Black "Moncelli, Giorgio"]
[Result "1-0"]
[WhiteElo "2281"]
[BlackElo "2174"]
[PlyCount "59"]
[EventDate "1999.08.22"]

1.e4 c5 2.Nf3 Nc6 3.d4 cxd4 4.Nxd4 g6 5.Nc3 Bg7 6.Be3 Nf6 7.Bc4 d6 8.f3 
O-O 9.Qd2 Bd7 10.O-O-O Rc8 11.Bb3 Ne5 12.h4 h5 13.Bg5 Rc5 14.Kb1 b5 15.g4 
a5 16.gxh5 a4 17.Bxf7+ Rxf7 18.hxg6 Nxg6 19.h5 Nf8 20.Rdg1 Kh7 21.e5 dxe5 
22.Bxf6 exd4 23.Rxg7+ Rxg7 24.Bxg7 dxc3 25.Qh6+ Kg8 26.Bxf8 Kf7 27.Re1 Be6
28.Qxe6+ Kxf8 29.Rg1 Rg5 30.Qh6+ 1-0

[Event "XIX Festival Conca della Presolana Magistrale"]
[Site "Bratto - Castione della Presolana ITA"]
[Date "1999.08.30"]
[Round "9"]
[White "Pass, Deborah J."]
[Black "Dorighet, Claudio"]
[Result "0-1"]
[WhiteElo "2030"]
[BlackElo "2121"]
[PlyCount "62"]
[EventDate "1999.08.22"]

1.e4 c5 2.Nf3 d6 3.d3 Nc6 4.g3 g6 5.Bg2 Bg7 6.Nbd2 e5 7.c3 Nge7 8.O-O O-O 
9.a3 h6 10.Re1 Be6 11.b4 a6 12.Nf1 cxb4 13.axb4 d5 14.Bd2 Qc7 15.Qc1 Kh7 
16.h3 Rac8 17.N1h2 dxe4 18.dxe4 Na7 19.Ng4 Ng8 20.Qb2 Nb5 21.Rec1 Rfd8 22.
Be3 f5 23.exf5 gxf5 24.Ngh2 Nxc3 25.Nf1 e4 26.Bf4 Qc4 27.Ne5 Bxe5 28.Bxe5 
Ne2+ 29.Kh2 Nxc1 30.Ne3 Qb5 31.Bh8 Qd7 0-1

[Event "XIX Festival Conca della Presolana Magistrale"]
[Site "Bratto - Castione della Presolana ITA"]
[Date "1999.08.30"]
[Round "9"]
[White "Quinn, Mark Peter"]
[Black "Di Fonzo, Valerio"]
[Result "1-0"]
[WhiteElo "2377"]
[BlackElo "2211"]
[PlyCount "39"]
[EventDate "1999.08.22"]

1.d4 Nf6 2.Bg5 c6 3.Bxf6 gxf6 4.c4 d5 5.e3 Qb6 6.Qd2 Bf5 7.Nc3 e6 8.Nf3 h6
9.Nh4 Bh7 10.Be2 dxc4 11.Bxc4 Nd7 12.Rc1 O-O-O 13.Qe2 Kb8 14.O-O Qa5 15.a3
Qg5 16.g3 Rg8 17.Kh1 Nb6 18.f4 Qg4 19.Qxg4 Rxg4 20.Be2 {...} 1-0

[Event "XIX Festival Conca della Presolana Magistrale"]
[Site "Bratto - Castione della Presolana ITA"]
[Date "1999.08.30"]
[Round "9"]
[White "Ranieri, Fabrizio"]
[Black "Mauro, Alan"]
[Result "1/2-1/2"]
[WhiteElo "2155"]
[BlackElo "2278"]
[PlyCount "67"]
[EventDate "1999.08.22"]

1.e4 c5 2.Nf3 Nc6 3.d4 cxd4 4.Nxd4 g6 5.Nc3 Bg7 6.Be3 Nf6 7.Be2 O-O 8.O-O 
d6 9.h3 Nxd4 10.Bxd4 Bd7 11.e5 dxe5 12.Bxe5 Bc6 13.Qxd8 Rfxd8 14.Rad1 Nd7 
15.Bxg7 Kxg7 16.Bb5 Bxb5 17.Nxb5 Ne5 18.b3 a6 19.Nd4 Nd7 20.c4 e5 21.Ne2 
b5 22.Rd6 bxc4 23.Rfd1 cxb3 24.Rxd7 Rxd7 25.Rxd7 bxa2 26.Rd1 Rc8 27.Ra1 
Rc2 28.Nc1 Rc5 29.Kf1 f5 30.Ke2 Rc2+ 31.Ke1 e4 32.Kf1 Rc4 33.Ke2 Rc2+ 34.
Kf1 1/2-1/2

[Event "XIX Festival Conca della Presolana Magistrale"]
[Site "Bratto - Castione della Presolana ITA"]
[Date "1999.08.30"]
[Round "9"]
[White "Vita, Fabrizio"]
[Black "Castaldo, Folco"]
[Result "0-1"]
[WhiteElo "2114"]
[BlackElo "2225"]
[PlyCount "51"]
[EventDate "1999.08.22"]

1.c4 e6 2.Nf3 Nf6 3.g3 d5 4.Bg2 Be7 5.O-O O-O 6.b3 b6 7.Bb2 Bb7 8.d4 Nbd7 
9.Nc3 c5 10.e3 Rc8 11.Ne5 cxd4 12.exd4 Ne4 13.Nxe4 dxe4 14.Qe2 f5 15.Nxd7 
Qxd7 16.f3 exf3 17.Bxf3 Bf6 18.Bxb7 Qxb7 19.Qxe6+ Kh8 20.Rae1 h6 21.Rxf5 
Kh7 22.Rf2 Qc7 23.Qf5+ Kh8 24.Qg6 Qd7 25.d5 Bxb2 26.Rxb2 0-1

[Event "XIX Festival Conca della Presolana Magistrale"]
[Site "Bratto - Castione della Presolana ITA"]
[Date "1999.08.30"]
[Round "9"]
[White "Zoldan, Matteo"]
[Black "Ricci, Alfredo"]
[Result "0-1"]
[WhiteElo "2105"]
[BlackElo "2042"]
[PlyCount "64"]
[EventDate "1999.08.22"]

1.e4 c5 2.Nf3 Nc6 3.d4 cxd4 4.Nxd4 g6 5.c4 Bg7 6.Be3 Nf6 7.Nc3 O-O 8.Be2 
d6 9.O-O Bd7 10.Rc1 a6 11.Nb3 b5 12.cxb5 axb5 13.Bxb5 Qb8 14.Qe2 Qb7 15.f3
Rfb8 16.Nd2 Nxe4 17.fxe4 Nd4 18.Qf2 Nxb5 19.Qxf7+ Kh8 20.Qxe7 Re8 21.Qh4 
Nxc3 22.bxc3 Bb5 23.Rf3 Rxa2 24.c4 Bc6 25.Rcf1 Ra1 26.Bg5 Rxf1+ 27.Rxf1 
Bxe4 28.Nxe4 Rxe4 29.Qg3 Qa7+ 30.Kh1 Qd4 31.h3 Qxc4 32.Qxd6 Qxf1+ 0-1

[Event "XI Festival A"]
[Site "Porto San Giorgio ITA"]
[Date "1999.08.20"]
[Round "1"]
[White "Davies, Nigel R."]
[Black "Cazzaniga, Walter"]
[Result "1-0"]
[WhiteElo "2518"]
[BlackElo "2153"]
[PlyCount "71"]
[EventDate "1999.08.20"]

1.c4 c5 2.g3 Nc6 3.Bg2 g6 4.Nc3 Bg7 5.a3 Nf6 6.Rb1 a5 7.d3 O-O 8.Bg5 d6 9.
Qd2 Nd4 10.h4 h5 11.Nh3 Rb8 12.Bxf6 exf6 13.e3 Re8 14.Kf1 Bh6 15.Nf4 Ne6 
16.Nfd5 f5 17.b4 axb4 18.axb4 Bd7 19.bxc5 dxc5 20.Qb2 Bg7 21.Qb6 Bc6 22.
Qxd8 Rbxd8 23.Nb5 Rd7 24.Bf3 Ra8 25.Kg2 Ra5 26.Rhd1 Bxb5 27.cxb5 Kf8 28.
Nb6 Rc7 29.Nc4 Ra2 30.b6 Rd7 31.Bc6 Re7 32.Rb5 Ra8 33.Bd5 Rc8 34.Na5 Bc3 
35.Nxb7 Rb8 36.Nxc5 1-0

[Event "XI Festival A"]
[Site "Porto San Giorgio ITA"]
[Date "1999.08.20"]
[Round "1"]
[White "Fabiano, Giuseppe"]
[Black "Iudicello, Massimo"]
[Result "1-0"]
[WhiteElo "2293"]
[BlackElo "2072"]
[PlyCount "53"]
[EventDate "1999.08.20"]

1.d4 Nf6 2.c4 c5 3.d5 e6 4.Nc3 exd5 5.cxd5 d6 6.g3 g6 7.Bg2 Bg7 8.Nf3 O-O 
9.O-O a6 10.a4 Nbd7 11.Bf4 Qc7 12.Qb3 Nh5 13.Bd2 Rb8 14.Qc4 Ne5 15.Nxe5 
Bxe5 16.f4 Bg7 17.e4 Nf6 18.e5 dxe5 19.fxe5 Ng4 20.e6 Ne5 21.Qh4 fxe6 22.
Rxf8+ Bxf8 23.Rf1 Qg7 24.Ne4 Be7 25.Bg5 Bxg5 26.Qxg5 Ng4 27.Qd8+ 1-0

[Event "XI Festival A"]
[Site "Porto San Giorgio ITA"]
[Date "1999.08.20"]
[Round "1"]
[White "Lputian, Smbat G."]
[Black "Ptaschinski, Dirk"]
[Result "1-0"]
[WhiteElo "2625"]
[BlackElo "2182"]
[PlyCount "59"]
[EventDate "1999.08.20"]

1.d4 d5 2.c4 c6 3.Nc3 dxc4 4.e3 Be6 5.Nf3 b5 6.a4 b4 7.Nb1 Nf6 8.Be2 Bd5 
9.O-O e6 10.Ne5 c5 11.Nd2 cxd4 12.Ndxc4 Be7 13.exd4 O-O 14.Bg5 Nc6 15.Ne3 
Nxe5 16.dxe5 Nd7 17.Bxe7 Qxe7 18.Nxd5 exd5 19.f4 Qc5+ 20.Kh1 Rad8 21.Rc1 
Qa5 22.Qd4 Qxa4 23.Rc7 a5 24.f5 Nxe5 25.Qxe5 Rfe8 26.Bd1 Rxe5 27.Bxa4 Re2 
28.b3 d4 29.Bb5 d3 30.Bxd3 1-0

[Event "XI Festival A"]
[Site "Porto San Giorgio ITA"]
[Date "1999.08.20"]
[Round "1"]
[White "Pesaresi, Sergio"]
[Black "Sermek, Drazen"]
[Result "0-1"]
[WhiteElo "2170"]
[BlackElo "2545"]
[PlyCount "50"]
[EventDate "1999.08.20"]

1.e4 c5 2.c3 d5 3.exd5 Qxd5 4.d4 Nf6 5.Nf3 Bg4 6.Be2 e6 7.Na3 Nc6 8.O-O 
cxd4 9.Nb5 O-O-O 10.Nbxd4 Nxd4 11.cxd4 Bd6 12.h3 Bh5 13.Be3 Kb8 14.Qa4 Rc8
15.Rac1 h6 16.Rfd1 g5 17.Bc4 Rxc4 18.Qxc4 Bxf3 19.gxf3 Qxf3 20.d5 Qxh3 21.
dxe6 Bh2+ 22.Kh1 Be5+ 23.Kg1 Ng4 24.Rd2 Bh2+ 25.Kh1 Qf3# 0-1

[Event "XI Festival A"]
[Site "Porto San Giorgio ITA"]
[Date "1999.08.20"]
[Round "1"]
[White "Razuvaev, Yuri S."]
[Black "Bernard, Jacques"]
[Result "1-0"]
[WhiteElo "2559"]
[BlackElo "2176"]
[PlyCount "47"]
[EventDate "1999.08.20"]

1.d4 d5 2.c4 Nc6 3.Nc3 dxc4 4.Nf3 e6 5.e4 Nf6 6.Bxc4 Bb4 7.Qd3 O-O 8.e5 
Nd5 9.O-O Nde7 10.a3 Ba5 11.Rd1 a6 12.Qe4 Bb6 13.Bg5 Qd7 14.Qg4 Kh8 15.Ne4
Nd5 16.Qh5 f5 17.exf6 Nxf6 18.Nxf6 gxf6 19.Bh6 Rd8 20.d5 Ne7 21.Ne5 Qe8 
22.Nf7+ Kg8 23.Qg4+ Ng6 24.Nxd8 1-0

[Event "XI Festival A"]
[Site "Porto San Giorgio ITA"]
[Date "1999.08.21"]
[Round "2"]
[White "Bocchicchio, Gaetano"]
[Black "Garofalo, Pietro"]
[Result "1-0"]
[WhiteElo "2209"]
[BlackElo "2115"]
[PlyCount "45"]
[EventDate "1999.08.20"]

1.d4 e6 2.Nf3 f5 3.Nc3 Nf6 4.Bg5 d5 5.g4 c6 6.e3 Be7 7.gxf5 exf5 8.Ne5 O-O
9.f4 Bb4 10.Bd3 Qa5 11.O-O Bxc3 12.bxc3 Qxc3 13.Kh1 c5 14.Bxf6 Rxf6 15.Qh5
c4 16.Rg1 Qa3 17.Rxg7+ Kxg7 18.Rg1+ Kf8 19.Qxh7 Ke8 20.Rg8+ Qf8 21.Rxf8+ 
Rxf8 22.Qg6+ Ke7 23.Qg7+ 1-0

[Event "XI Festival A"]
[Site "Porto San Giorgio ITA"]
[Date "1999.08.21"]
[Round "2"]
[White "Bykhovsky, Anatoly A."]
[Black "Monteleone, Antonio"]
[Result "1/2-1/2"]
[WhiteElo "2398"]
[BlackElo "2195"]
[PlyCount "71"]
[EventDate "1999.08.20"]

1.e4 e6 2.d4 d5 3.Nc3 Nf6 4.e5 Nfd7 5.Nce2 c5 6.c3 Nc6 7.f4 b5 8.a3 a5 9.
Nf3 Ba6 10.Ng3 g6 11.Be2 Be7 12.Be3 Qc8 13.h4 h5 14.O-O b4 15.axb4 Bxe2 
16.Qxe2 axb4 17.Ng5 Bxg5 18.fxg5 Rxa1 19.Rxa1 c4 20.Qf3 b3 21.Ne2 Ne7 22.
g4 hxg4 23.Qxg4 Nf5 24.Bf2 Qb7 25.Nf4 Ng7 26.Qd1 Ke7 27.Ra5 Ra8 28.Qa1 
Rxa5 29.Qxa5 Ke8 30.Kh2 Nb8 31.Kh3 Nc6 32.Qa4 Kf8 33.Kg4 Qc8 34.Qa3+ Kg8 
35.Kf3 Qf8 36.Qa4 1/2-1/2

[Event "XI Festival A"]
[Site "Porto San Giorgio ITA"]
[Date "1999.08.21"]
[Round "2"]
[White "Cacco, Christian"]
[Black "Grigore, George-Gabriel"]
[Result "0-1"]
[WhiteElo "2292"]
[BlackElo "2526"]
[PlyCount "48"]
[EventDate "1999.08.20"]

1.d4 Nf6 2.Nf3 g6 3.g3 Bg7 4.Bg2 O-O 5.O-O d6 6.c4 c6 7.Nc3 Qa5 8.Qc2 Qh5 
9.b4 Bh3 10.Rb1 Nbd7 11.b5 c5 12.d5 Ng4 13.Ne4 h6 14.Nh4 Bxg2 15.Kxg2 f5 
16.Nd2 g5 17.Nhf3 Rae8 18.h3 Nge5 19.e4 f4 20.g4 Nxg4 21.hxg4 Qxg4+ 22.Kh2
Qh5+ 23.Kg1 g4 24.Nh2 f3 0-1

[Event "XI Festival A"]
[Site "Porto San Giorgio ITA"]
[Date "1999.08.21"]
[Round "2"]
[White "Cazzaniga, Walter"]
[Black "Pipitone, Antonio"]
[Result "1-0"]
[WhiteElo "2153"]
[BlackElo "2063"]
[PlyCount "51"]
[EventDate "1999.08.20"]

1.d4 Nf6 2.c4 c5 3.d5 e6 4.Nc3 exd5 5.cxd5 d6 6.e4 g6 7.Nf3 Bg7 8.h3 O-O 
9.Bd3 Na6 10.O-O Nc7 11.a4 a6 12.Re1 Rb8 13.a5 b6 14.e5 Nfxd5 15.Nxd5 Nxd5
16.Bc4 Nb4 17.Bg5 Qc7 18.exd6 Qc6 19.axb6 h6 20.Be7 Re8 21.Qb3 Bb7 22.
Bxf7+ Kh8 23.Qe6 Nd3 24.Qxg6 Nxe1 25.Rxe1 Qd7 26.Ng5 1-0

[Event "XI Festival A"]
[Site "Porto San Giorgio ITA"]
[Date "1999.08.21"]
[Round "2"]
[White "Chatalbashev, Boris"]
[Black "Voltolini, Giuseppe"]
[Result "1-0"]
[WhiteElo "2524"]
[BlackElo "2260"]
[PlyCount "65"]
[EventDate "1999.08.20"]

1.d4 d5 2.c4 dxc4 3.Nf3 Nf6 4.e3 e6 5.Bxc4 c5 6.O-O a6 7.Qe2 b5 8.Bb3 Bb7 
9.a4 b4 10.Nbd2 Be7 11.Nc4 O-O 12.Rd1 Qc7 13.Bd2 Nbd7 14.Rac1 Rfc8 15.Nfe5
cxd4 16.exd4 Qb8 17.Bg5 Bd8 18.Bxf6 Nxf6 19.Nxf7 Kxf7 20.Ne5+ Kf8 21.Nd7+ 
Nxd7 22.Qxe6 Qf4 23.Qg8+ Ke7 24.Qe6+ Kf8 25.Re1 Be4 26.Qg8+ Ke7 27.Qe6+ 
Kf8 28.Rxc8 Rxc8 29.Qg8+ Ke7 30.Qe6+ Kf8 31.Qxd7 Rb8 32.g3 Qf3 33.Rxe4 1-0

[Event "XI Festival A"]
[Site "Porto San Giorgio ITA"]
[Date "1999.08.21"]
[Round "2"]
[White "Citti, Gianluca"]
[Black "Tomescu, Vlad"]
[Result "0-1"]
[WhiteElo "2123"]
[BlackElo "2453"]
[PlyCount "111"]
[EventDate "1999.08.20"]

1.e4 c5 2.Nc3 Nc6 3.g3 g6 4.Bg2 Bg7 5.d3 e6 6.Be3 d6 7.Qd2 Nd4 8.Nd1 Rb8 
9.c3 Nc6 10.Ne2 h5 11.h4 Nf6 12.f3 b6 13.d4 Ba6 14.Nf2 e5 15.d5 Ne7 16.g4 
Bc8 17.g5 Nd7 18.c4 b5 19.b3 bxc4 20.bxc4 Ba6 21.Rc1 Rb4 22.Nd3 Rxc4 23.
Rxc4 Bxc4 24.O-O O-O 25.Rb1 Qc7 26.Bh3 Rb8 27.Rxb8+ Nxb8 28.Nc3 Qa5 29.Qb2
Na6 30.Bf1 Nc8 31.Nxc5 Nxc5 32.Bxc4 Nb6 33.Bf1 f5 34.a3 fxe4 35.fxe4 Nca4 
36.Nxa4 Qxa4 37.Qb4 Qd1 38.Bxb6 axb6 39.Qxb6 Qg4+ 40.Bg2 Qxh4 41.Qxd6 Kh7 
42.Qe6 Qxg5 43.d6 Qc1+ 44.Kh2 Qf4+ 45.Kg1 Bf6 46.Qf7+ Kh6 47.Qf8+ Kg5 48.
d7 Qd2 49.Qc8 Kh4 50.Qa6 Qe1+ 51.Kh2 Bg5 52.Qf1 Qg3+ 53.Kg1 Qxa3 54.Qd1 
Bd8 55.Bf3 Kg3 56.Bg2 0-1

[Event "XI Festival A"]
[Site "Porto San Giorgio ITA"]
[Date "1999.08.21"]
[Round "2"]
[White "Efimov, Igor"]
[Black "Ventura, Sergio"]
[Result "1-0"]
[WhiteElo "2445"]
[BlackElo "2209"]
[PlyCount "43"]
[EventDate "1999.08.20"]

1.e4 g6 2.d4 Bg7 3.Nc3 c6 4.Be3 d6 5.Qd2 Nd7 6.Nf3 Qc7 7.Bd3 b5 8.O-O Nb6 
9.b3 Bg4 10.Ne1 Rd8 11.h3 Bc8 12.a4 b4 13.Ne2 a5 14.c3 c5 15.Rc1 bxc3 16.
Nxc3 cxd4 17.Bxd4 Bxd4 18.Nb5 Qxc1 19.Qxc1 Bc5 20.Qc3 Nf6 21.Qxa5 Nbd7 22.
Nc7+ 1-0